Finanční analýza a plánování
Enregistré dans:
| Auteur principal: | |
|---|---|
| Autres auteurs: | , |
| Format: | Livre |
| Langue: | tchèque |
| Publié: |
Praha
Nad zlato
1992
|
| Édition: | 1. vyd. |
| Sujets: | |
| Tags: |
Pas de tags, Soyez le premier à ajouter un tag!
|
MARC
| LEADER | 00000nam a2200000 4500 | ||
|---|---|---|---|
| 001 | c000976 | ||
| 005 | 20221214091744.4 | ||
| 020 | |a 80-900383-8-7 | ||
| 041 | 0 | |a cze | |
| 044 | |a CZ | ||
| 245 | 1 | 0 | |a Finanční analýza a plánování |c Rolf Grünwald, Jaroslava Holečková, Tomáš Termer |
| 250 | |a 1. vyd. | ||
| 264 | 1 | |a Praha |b Nad zlato |c 1992 | |
| 300 | |a 110 s. | ||
| 610 | 2 | 0 | |a rozbory činnosti hospodárskej |
| 610 | 2 | 0 | |a podnikanie |
| 610 | 2 | 0 | |a rozhodovanie |
| 610 | 2 | 0 | |a financovanie |
| 610 | 2 | 0 | |a riziko |
| 610 | 2 | 0 | |a ukazovatele ekonomické |
| 610 | 2 | 0 | |a nástroje finančné |
| 610 | 2 | 0 | |a plánovanie podnikové |
| 610 | 2 | 0 | |a plán finančný |
| 610 | 2 | 0 | |a informácie ekonomické |
| 610 | 2 | 0 | |a účtovníctvo |
| 610 | 2 | 0 | |a kontrola finančná |
| 100 | 1 | |a Grünwald, Rolf | |
| 700 | 1 | |a Holečková, Jaroslava | |
| 700 | 1 | |a Termer, Tomáš | |